000 00933cam a22002771 4500
001 gs 36000025
003 DLC
005 20260227111340.0
008 790615s1935 nbua b s000 0 eng
010 _ags 36000025
035 _a(OCoLC)5069518
040 _aDLC
_cTxCM
_dDLC
042 _apremarc
050 0 0 _aQE135
_b.A43 no. 9
100 1 _aCondra, Geo. E.
_q(George Evert),
_d1869-1958.
245 1 0 _aPermo-Pennsylvanian section of the Hartville area of Wyoming,
_cby G. E. Condra and E. C. Reed.
260 _a[Lincoln]
_bPublished by authority of the state of Nebraska,
_c1935.
300 _a46 p.
_billus.
410 2 0 _aNebraska Geological Survey
_tPaper
_vno. 9
500 _aCover title
504 _aBibliographical foot-notes.
650 0 _aGeology, Stratigraphic
_yPermian.
650 0 _aGeology, Stratigraphic
_yPennsylvanian.
650 0 _aGeology
_zWyoming.
700 1 _aReed, E. C.
_q(Eugene Clifton),
_d1901-
999 _c27236
_d27236